[Event "SC Kreuzberg IM-Turnier 2018"]
[Site "Berlin"]
[Date "2018.08.06"]
[Round "1.2"]
[White "Meissner, Felix"]
[Black "Kalinitschew, Sergey"]
[Result "1/2-1/2"]
[WhiteElo "2330"]
[BlackElo "2430"]
[PlyCount "69"]
[EventDate "2018.08.06"]
[EventType "tourn"]
[EventRounds "9"]
[EventCountry "GER"]
[SourceTitle "SC Kreuzberg IM 2018"]
[Source "Andreas Lange"]
[SourceDate "2018.08.16"]
[SourceVersion "1"]
[SourceVersionDate "2018.08.16"]
[SourceQuality "1"]

1. e4 c6 2. d4 d5 3. exd5 cxd5 4. Bd3 Nc6 5. c3 Qc7 6. Na3 a6 7. Nc2 Nf6 8. h3
e5 9. dxe5 Nxe5 10. Nf3 Nxd3+ 11. Qxd3 Be7 12. O-O O-O 13. Bg5 Be6 14. Ne3 Rad8
15. Rfe1 h6 16. Bh4 Qf4 17. Rad1 Rfe8 18. Bg3 Qe4 19. Qf1 Qa4 20. a3 Qb3 21.
Re2 Qb6 22. Be5 Ne4 23. Qe1 f6 24. Bh2 Bc5 25. Nd4 Bf7 26. Kh1 Kh7 27. f3 Nd6
28. Bg1 Nc4 29. Nxc4 dxc4 30. Rdd2 Bg6 31. Rxe8 Rxe8 32. Re2 Rxe2 33. Qxe2 Bd3
34. Qd2 Qd6 35. b4 1/2-1/2

[Event "SC Kreuzberg IM-Turnier 2018"]
[Site "Berlin"]
[Date "2018.08.07"]
[Round "2.4"]
[White "Kalinitschew, Sergey"]
[Black "Berger, Steve"]
[Result "1/2-1/2"]
[WhiteElo "2430"]
[BlackElo "2428"]
[PlyCount "40"]
[EventDate "2018.08.06"]
[EventType "tourn"]
[EventRounds "9"]
[EventCountry "GER"]
[SourceTitle "SC Kreuzberg IM 2018"]
[Source "Andreas Lange"]
[SourceDate "2018.08.16"]
[SourceVersion "1"]
[SourceVersionDate "2018.08.16"]
[SourceQuality "1"]

1. e4 e6 2. d4 d5 3. exd5 exd5 4. Nf3 Nf6 5. Bd3 Bd6 6. Qe2+ Be7 7. O-O O-O 8.
Re1 Re8 9. Bg5 Be6 10. Nbd2 h6 11. Bh4 Nh5 12. Bxe7 Rxe7 13. Ne5 Nf4 14. Qf3
Nxd3 15. Qxd3 Nd7 16. Qb3 c6 17. Re3 Nxe5 18. Rxe5 Qd6 19. Rae1 Rae8 20. Nf1 f6
1/2-1/2

[Event "SC Kreuzberg IM-Turnier 2018"]
[Site "Berlin"]
[Date "2018.08.07"]
[Round "2.5"]
[White "Glantz, Robert"]
[Black "Meissner, Felix"]
[Result "0-1"]
[WhiteElo "2336"]
[BlackElo "2330"]
[PlyCount "106"]
[EventDate "2018.08.06"]
[EventType "tourn"]
[EventRounds "9"]
[EventCountry "GER"]
[SourceTitle "SC Kreuzberg IM 2018"]
[Source "Andreas Lange"]
[SourceDate "2018.08.16"]
[SourceVersion "1"]
[SourceVersionDate "2018.08.16"]
[SourceQuality "1"]

1. d4 Nf6 2. Bf4 c5 3. Nd2 d5 4. c3 Nc6 5. e3 e6 6. Ngf3 Bd6 7. Bg3 O-O 8. Bd3
b6 9. e4 Be7 10. e5 Nh5 11. Ng5 Bxg5 12. Qxh5 g6 13. Qe2 cxd4 14. h4 Bh6 15. h5
g5 16. Nf3 dxc3 17. bxc3 f5 18. exf6 Qxf6 19. O-O Bd7 20. Bb5 Bg7 21. Bxc6 Bxc6
22. Be5 Qe7 23. Bxg7 Kxg7 24. Qe5+ Kh6 25. Nd4 Bd7 26. Rae1 Rae8 27. Re3 Rf7
28. g4 Qf6 29. f3 Kg7 30. Rfe1 Qxe5 31. Rxe5 h6 32. Kf2 Rf6 33. R1e3 Kf7 34.
Ke2 Rc8 35. Kd2 Rc4 36. Kc2 a5 37. a3 b5 38. Kb3 b4 39. axb4 axb4 40. Ne2 bxc3
41. Nxc3 Rcf4 42. Kc2 Rxf3 43. Ne2 Rxe3 44. Rxe3 Ke7 45. Nd4 Kd6 46. Nf3 Rf4
47. Ne5 Bb5 48. Kd2 d4 49. Re1 Rf2+ 50. Kc1 d3 51. Re4 Kd5 52. Rb4 Kxe5 53.
Rxb5+ Kf4 0-1

[Event "SC Kreuzberg IM-Turnier 2018"]
[Site "Berlin"]
[Date "2018.08.08"]
[Round "3.1"]
[White "Meissner, Felix"]
[Black "Brunello, Marina"]
[Result "0-1"]
[WhiteElo "2330"]
[BlackElo "2280"]
[PlyCount "88"]
[EventDate "2018.08.06"]
[EventType "tourn"]
[EventRounds "9"]
[EventCountry "GER"]
[SourceTitle "SC Kreuzberg IM 2018"]
[Source "Andreas Lange"]
[SourceDate "2018.08.16"]
[SourceVersion "1"]
[SourceVersionDate "2018.08.16"]
[SourceQuality "1"]

1. e4 c5 2. Nc3 d6 3. d4 cxd4 4. Qxd4 Nc6 5. Qd2 Nf6 6. b3 e6 7. Bb2 Be7 8.
O-O-O a6 9. f3 b5 10. Kb1 h5 11. Nh3 Bd7 12. Ng5 b4 13. Ne2 a5 14. h4 a4 15.
Nc1 Qa5 16. f4 Na7 17. Bc4 Nb5 18. Bxb5 Bxb5 19. Qd4 Bc6 20. Nd3 axb3 21. axb3
Bb7 22. Rhe1 O-O 23. Kc1 Rfc8 24. Re2 Ba6 25. Re3 Rab8 26. Rg3 Rc6 27. Kd2 e5
28. Qa7 Rxc2+ 29. Ke1 Qb6 30. Qxb6 Rxb6 31. fxe5 dxe5 32. Bxe5 Ng4 33. Bd4 Rbc6
34. Rd2 f6 35. Rxc2 Rxc2 36. Ne6 Bd6 37. Rf3 Nh2 38. Re3 Rxg2 39. e5 fxe5 40.
Nxe5 Bxe5 41. Bxe5 Ng4 42. Re4 Bd3 43. Rxb4 Re2+ 44. Kd1 Nf2+ 0-1

[Event "SC Kreuzberg IM-Turnier 2018"]
[Site "Berlin"]
[Date "2018.08.08"]
[Round "3.2"]
[White "Berger, Steve"]
[Black "Glantz, Robert"]
[Result "1/2-1/2"]
[WhiteElo "2428"]
[BlackElo "2336"]
[PlyCount "87"]
[EventDate "2018.08.06"]
[EventType "tourn"]
[EventRounds "9"]
[EventCountry "GER"]
[SourceTitle "SC Kreuzberg IM 2018"]
[Source "Andreas Lange"]
[SourceDate "2018.08.16"]
[SourceVersion "1"]
[SourceVersionDate "2018.08.16"]
[SourceQuality "1"]

1. e4 c5 2. Nc3 Nc6 3. Nge2 e6 4. g3 Nf6 5. Bg2 Be7 6. O-O O-O 7. d4 cxd4 8.
Nxd4 d6 9. Be3 a6 10. Qe2 Bd7 11. Nxc6 Bxc6 12. a4 Qc7 13. a5 Nd7 14. Rfd1 Kh8
15. Na4 Rae8 16. Nb6 f5 17. Nxd7 Qxd7 18. f3 fxe4 19. fxe4 Bf6 20. Rab1 Be5 21.
c4 Qf7 22. b4 Qg6 23. Bd4 Bxd4+ 24. Rxd4 e5 25. Rd2 Rf6 26. b5 Bd7 27. Qe3 Ref8
28. bxa6 bxa6 29. c5 Bb5 30. cxd6 Rxd6 31. Qc5 Rdf6 32. Qxe5 Qf7 33. Qd4 Qc7
34. e5 Re6 35. Rf2 Rfe8 36. Qb4 Qe7 37. Qxe7 R6xe7 38. Rxb5 axb5 39. a6 g6 40.
Bc6 Rb8 41. e6 Rb6 42. Rf7 Rxc6 43. Rxe7 Rxa6 44. Rb7 1/2-1/2

[Event "SC Kreuzberg IM-Turnier 2018"]
[Site "Berlin"]
[Date "2018.08.08"]
[Round "3.3"]
[White "Barath, Madhan"]
[Black "Kalinitschew, Sergey"]
[Result "0-1"]
[WhiteElo "2307"]
[BlackElo "2430"]
[PlyCount "50"]
[EventDate "2018.08.06"]
[EventType "tourn"]
[EventRounds "9"]
[EventCountry "GER"]
[SourceTitle "SC Kreuzberg IM 2018"]
[Source "Andreas Lange"]
[SourceDate "2018.08.16"]
[SourceVersion "1"]
[SourceVersionDate "2018.08.16"]
[SourceQuality "1"]

1. e4 e6 2. d4 d5 3. Nc3 Nf6 4. e5 Nfd7 5. f4 c5 6. Nf3 Nc6 7. Be3 Be7 8. Qd2
O-O 9. O-O-O c4 10. f5 b5 11. Ne2 exf5 12. Nf4 Nb6 13. Qf2 Be6 14. Qg3 Kh8 15.
Nh5 Rg8 16. Ng5 Bxg5 17. Bxg5 Qf8 18. Qh4 Na4 19. c3 b4 20. Re1 bxc3 21. Re3
cxb2+ 22. Kb1 f4 23. Nxf4 Bf5+ 24. Nd3 Nc3+ 25. Kxb2 Nd1+ 0-1

[Event "SC Kreuzberg IM-Turnier 2018"]
[Site "Berlin"]
[Date "2018.08.08"]
[Round "3.4"]
[White "Malek, Daniel"]
[Black "Moritz, Aron"]
[Result "1-0"]
[WhiteElo "2383"]
[BlackElo "2199"]
[PlyCount "61"]
[EventDate "2018.08.06"]
[EventType "tourn"]
[EventRounds "9"]
[EventCountry "GER"]
[SourceTitle "SC Kreuzberg IM 2018"]
[Source "Andreas Lange"]
[SourceDate "2018.08.16"]
[SourceVersion "1"]
[SourceVersionDate "2018.08.16"]
[SourceQuality "1"]

1. d4 Nf6 2. c4 g6 3. Nc3 Bg7 4. e4 d6 5. Be2 O-O 6. Be3 e5 7. d5 a5 8. g4 Na6
9. g5 Nd7 10. h4 Ndc5 11. h5 c6 12. Qd2 Bd7 13. f3 Qe7 14. Nh3 Nb4 15. Nf2 cxd5
16. cxd5 Rfc8 17. Kf1 Na4 18. Kg2 Nxc3 19. bxc3 Na6 20. Rab1 Nc5 21. Bb5 Na4
22. Bxd7 Qxd7 23. Rbc1 Rc4 24. Ng4 Qe7 25. Qe1 f5 26. gxf6 Bxf6 27. hxg6 hxg6
28. Rh6 Qg7 29. Nxf6+ Qxf6 30. Qg3 Kg7 31. Bg5 1-0

[Event "SC Kreuzberg IM-Turnier 2018"]
[Site "Berlin"]
[Date "2018.08.08"]
[Round "3.5"]
[White "Sandu, Mihaela"]
[Black "Muse, Drazen"]
[Result "1/2-1/2"]
[WhiteElo "2268"]
[BlackElo "2361"]
[PlyCount "26"]
[EventDate "2018.08.06"]
[EventType "tourn"]
[EventRounds "9"]
[EventCountry "GER"]
[SourceTitle "SC Kreuzberg IM 2018"]
[Source "Andreas Lange"]
[SourceDate "2018.08.16"]
[SourceVersion "1"]
[SourceVersionDate "2018.08.16"]
[SourceQuality "1"]

1. e4 d5 2. exd5 Qxd5 3. Nc3 Qd6 4. d4 Nf6 5. Nf3 a6 6. g3 Bg4 7. h3 Bh5 8. Bg2
Nc6 9. Be3 O-O-O 10. O-O e6 11. a3 Nd5 12. Nxd5 exd5 13. b4 f6 1/2-1/2

[Event "SC Kreuzberg IM-Turnier 2018"]
[Site "Berlin"]
[Date "2018.08.09"]
[Round "4.3"]
[White "Kalinitschew, Sergey"]
[Black "Malek, Daniel"]
[Result "1-0"]
[WhiteElo "2430"]
[BlackElo "2383"]
[PlyCount "89"]
[EventDate "2018.08.06"]
[EventType "tourn"]
[EventRounds "9"]
[EventCountry "GER"]
[SourceTitle "SC Kreuzberg IM 2018"]
[Source "Andreas Lange"]
[SourceDate "2018.08.16"]
[SourceVersion "1"]
[SourceVersionDate "2018.08.16"]
[SourceQuality "1"]

1. Nf3 d5 2. d4 Nf6 3. c4 e6 4. Nc3 Bb4 5. Bg5 dxc4 6. e4 h6 7. Bxf6 Qxf6 8.
Bxc4 c5 9. O-O cxd4 10. Nb5 Na6 11. e5 Qd8 12. Qe2 O-O 13. Rfd1 Bd7 14. Nfxd4
Qb6 15. a3 Bc5 16. b4 Bxd4 17. Nxd4 Rfd8 18. b5 Nc5 19. a4 a5 20. Qe3 Qc7 21.
Be2 Be8 22. Bf3 Qe7 23. Rdc1 Rac8 24. Rc4 f6 25. Rac1 fxe5 26. Nc6 Bxc6 27.
Rxc5 Bd7 28. Qxe5 Rxc5 29. Rxc5 Rc8 30. Rxc8+ Bxc8 31. Qb8 Qd7 32. h4 Kf7 33.
b6 Ke7 34. Qe5 Kd8 35. g3 Qe7 36. Kg2 Qd7 37. Qc5 Qe7 38. Qxa5 Qd6 39. Qa7 Qe7
40. Qb8 e5 41. a5 h5 42. a6 e4 43. Qc7+ Qxc7 44. bxc7+ Kxc7 45. a7 1-0

[Event "SC Kreuzberg IM-Turnier 2018"]
[Site "Berlin"]
[Date "2018.08.10"]
[Round "5.1"]
[White "Berger, Steve"]
[Black "Brunello, Marina"]
[Result "1-0"]
[WhiteElo "2428"]
[BlackElo "2280"]
[PlyCount "69"]
[EventDate "2018.08.06"]
[EventType "tourn"]
[EventRounds "9"]
[EventCountry "GER"]
[SourceTitle "SC Kreuzberg IM 2018"]
[Source "Andreas Lange"]
[SourceDate "2018.08.16"]
[SourceVersion "1"]
[SourceVersionDate "2018.08.16"]
[SourceQuality "1"]

1. e4 c5 2. Nc3 a6 3. g3 Nc6 4. Nge2 g6 5. d4 cxd4 6. Nxd4 Bg7 7. Be3 d6 8. Nd5
Rb8 9. Bg2 Nf6 10. Nb3 b5 11. h3 O-O 12. O-O Ne5 13. Ba7 Rb7 14. Bd4 Rd7 15. a4
e6 16. Nxf6+ Bxf6 17. axb5 axb5 18. Ra8 Bg7 19. Na5 Qc7 20. Qd2 Nc4 21. Nxc4
Qxc4 22. Bxg7 Kxg7 23. b3 Qc5 24. Ra5 Rb7 25. c4 Rb6 26. Rc1 Qc7 27. Rxb5 Rxb5
28. cxb5 Qb6 29. Qc3+ Kg8 30. Qc6 Qb8 31. Rd1 Rd8 32. b6 d5 33. Qc7 Bb7 34.
exd5 exd5 35. Bxd5 1-0

[Event "SC Kreuzberg IM-Turnier 2018"]
[Site "Berlin"]
[Date "2018.08.10"]
[Round "5.4"]
[White "Sandu, Mihaela"]
[Black "Kalinitschew, Sergey"]
[Result "1/2-1/2"]
[WhiteElo "2268"]
[BlackElo "2430"]
[PlyCount "99"]
[EventDate "2018.08.06"]
[EventType "tourn"]
[EventRounds "9"]
[EventCountry "GER"]
[SourceTitle "SC Kreuzberg IM 2018"]
[Source "Andreas Lange"]
[SourceDate "2018.08.16"]
[SourceVersion "1"]
[SourceVersionDate "2018.08.16"]
[SourceQuality "1"]

1. e4 c5 2. Nf3 Nc6 3. d4 cxd4 4. Nxd4 e5 5. Nb5 d6 6. N1c3 a6 7. Na3 Be6 8.
Nc4 b5 9. Ne3 Nf6 10. g3 g6 11. Bg2 Bg7 12. O-O Rc8 13. Ncd5 Bxd5 14. Nxd5 Nxd5
15. exd5 Ne7 16. c3 O-O 17. a4 Qa5 18. Bd2 f5 19. Re1 Qc7 20. axb5 axb5 21. Qe2
Rb8 22. Be3 Rb7 23. f4 e4 24. Red1 b4 25. c4 Nc8 26. Bf1 Nb6 27. c5 dxc5 28. d6
Qc6 29. Ra6 Rd8 30. Qc4+ Kh8 31. Qxc5 Qxc5 32. Bxc5 Nd7 33. Bd4 Bxd4+ 34. Rxd4
Kg7 35. Rc6 Kf6 36. Rc7 Rb6 37. Bc4 g5 38. Kf2 gxf4 39. gxf4 b3 40. Ke3 Rb4 41.
Bd5 Rb6 42. Bc4 Rb4 43. Bd5 Nb6 44. Rxh7 Rxd4 45. Kxd4 Kg6 46. Re7 Rxd6 47.
Re6+ Rxe6 48. Bxe6 Na4 49. Bxb3 Nxb2 50. Bc2 1/2-1/2

[Event "SC Kreuzberg IM-Turnier 2018"]
[Site "Berlin"]
[Date "2018.08.12"]
[Round "7.1"]
[White "Barath, Madhan"]
[Black "Brunello, Marina"]
[Result "1/2-1/2"]
[WhiteElo "2307"]
[BlackElo "2280"]
[PlyCount "191"]
[EventDate "2018.08.06"]
[EventType "tourn"]
[EventRounds "9"]
[EventCountry "GER"]
[SourceTitle "SC Kreuzberg IM 2018"]
[Source "Andreas Lange"]
[SourceDate "2018.08.16"]
[SourceVersion "1"]
[SourceVersionDate "2018.08.16"]
[SourceQuality "1"]

1. d4 d5 2. c4 c6 3. Nf3 Nf6 4. e3 Bg4 5. h3 Bxf3 6. Qxf3 e6 7. Nc3 Nbd7 8. Bd2
Bb4 9. Bd3 O-O 10. a3 Ba5 11. b4 Bc7 12. cxd5 cxd5 13. O-O Nb6 14. e4 dxe4 15.
Nxe4 Nbd5 16. Bg5 Rb8 17. Bc2 Bd6 18. Nxf6+ Nxf6 19. d5 exd5 20. Qd3 g6 21. Qd4
Kg7 22. Qxa7 Be5 23. Rad1 h6 24. Bxh6+ Kxh6 25. Qe3+ Kg7 26. Qxe5 Re8 27. Qd4
Qc7 28. Bd3 Rbc8 29. a4 Qc3 30. Qb6 Ne4 31. Bxe4 Rxe4 32. b5 Rc7 33. a5 d4 34.
a6 Re6 35. Qxd4+ Qxd4 36. Rxd4 bxa6 37. bxa6 Rxa6 38. Rfd1 Rc2 39. R1d2 Raa2
40. Rxc2 Rxc2 41. Rf4 Ra2 42. Kh2 Ra3 43. Re4 Rb3 44. Re3 Rb2 45. Kg3 Ra2 46.
Kf3 Rb2 47. Re2 Rb4 48. Re4 Rb2 49. Rf4 Ra2 50. Kg4 Rb2 51. h4 Rb5 52. g3 Ra5
53. Rc4 Ra2 54. f3 Ra5 55. Kf4 Rf5+ 56. Kg4 Ra5 57. Rc3 Kf6 58. Re3 Kg7 59. Kf4
Kf6 60. Re4 Ra1 61. Rc4 Ra5 62. Ke4 Rb5 63. Rc6+ Kg7 64. Rd6 Ra5 65. Rd5 Ra4+
66. Rd4 Ra5 67. Kf4 Rf5+ 68. Ke3 Re5+ 69. Re4 Ra5 70. Kf4 Rf5+ 71. Ke3 Ra5 72.
Rd4 Re5+ 73. Kf2 Ra5 74. g4 Rb5 75. Kg3 Ra5 76. Kf4 Rb5 77. Rd8 Rb4+ 78. Kg3
Rb5 79. Re8 Ra5 80. Kf4 Kf6 81. Rg8 Ra4+ 82. Kg3 Ra5 83. g5+ Ke7 84. Rb8 Ra1
85. Rb6 Kf8 86. Rf6 Kg7 87. f4 Rg1+ 88. Kh2 Ra1 89. Kg2 Ra2+ 90. Kg3 Ra1 91.
Rd6 Rg1+ 92. Kh3 Rh1+ 93. Kg4 Rg1+ 94. Kf3 Rf1+ 95. Kg3 Rg1+ 96. Kf3 1/2-1/2

[Event "SC Kreuzberg IM-Turnier 2018"]
[Site "Berlin"]
[Date "2018.08.12"]
[Round "7.2"]
[White "Malek, Daniel"]
[Black "Berger, Steve"]
[Result "0-1"]
[WhiteElo "2383"]
[BlackElo "2428"]
[PlyCount "68"]
[EventDate "2018.08.06"]
[EventType "tourn"]
[EventRounds "9"]
[EventCountry "GER"]
[SourceTitle "SC Kreuzberg IM 2018"]
[Source "Andreas Lange"]
[SourceDate "2018.08.16"]
[SourceVersion "1"]
[SourceVersionDate "2018.08.16"]
[SourceQuality "1"]

1. c4 c5 2. Nf3 Nc6 3. Nc3 g6 4. e3 Nf6 5. d4 cxd4 6. exd4 d5 7. cxd5 Nxd5 8.
Qb3 Nxc3 9. Bc4 e6 10. bxc3 Bd7 11. Be2 Na5 12. Qc2 Bg7 13. Ba3 Bf8 14. Bxf8
Kxf8 15. O-O Kg7 16. Ne5 Rc8 17. Rfd1 f6 18. Ng4 Qe7 19. Qd2 h5 20. Ne3 Rhd8
21. c4 b6 22. Qb2 Ba4 23. Rd2 e5 24. Rc1 exd4 25. Nd5 Qe5 26. f4 Qd6 27. Rxd4
Qc5 28. Kf1 Rd6 29. Qc3 Bc6 30. Bf3 Bb5 31. Qe3 Nxc4 32. Qe7+ Kh6 33. Nxf6 Nd2+
34. Ke1 Nxf3+ 0-1

[Event "SC Kreuzberg IM-Turnier 2018"]
[Site "Berlin"]
[Date "2018.08.12"]
[Round "7.3"]
[White "Sandu, Mihaela"]
[Black "Meissner, Felix"]
[Result "1-0"]
[WhiteElo "2268"]
[BlackElo "2330"]
[PlyCount "131"]
[EventDate "2018.08.06"]
[EventType "tourn"]
[EventRounds "9"]
[EventCountry "GER"]
[SourceTitle "SC Kreuzberg IM 2018"]
[Source "Andreas Lange"]
[SourceDate "2018.08.16"]
[SourceVersion "1"]
[SourceVersionDate "2018.08.16"]
[SourceQuality "1"]

1. e4 c5 2. Nf3 d6 3. d4 cxd4 4. Nxd4 Nf6 5. Nc3 a6 6. Be2 e5 7. Nb3 Be7 8. O-O
O-O 9. Be3 Be6 10. Qd2 Nbd7 11. a4 Qc7 12. a5 Rac8 13. Rfd1 Rfd8 14. Qe1 h6 15.
Rd2 Qb8 16. f3 Nf8 17. Qd1 Ng6 18. g3 Bf8 19. Bb6 Re8 20. Nc1 Rc6 21. Be3 Ne7
22. N1a2 Qc7 23. Nb4 Rxc3 24. Bb6 Qc8 25. bxc3 Qxc3 26. Rb1 Bc4 27. Bxc4 Qxc4
28. Qf1 Qe6 29. c4 Rc8 30. Nd5 Nc6 31. Ra2 Be7 32. Be3 Rb8 33. Rab2 Bd8 34.
Rxb7 Rxb7 35. Rxb7 Bxa5 36. Qd1 Qc8 37. Nxf6+ gxf6 38. Rb1 Bb4 39. Bxh6 Bc5+
40. Kg2 a5 41. f4 exf4 42. Bxf4 Qe6 43. Qd5 Qg4 44. Qf5 Qe2+ 45. Kh3 Qd3 46.
Bh6 Be3 47. Rb6 Bxh6 48. Rxc6 Bg5 49. Ra6 Qd1 50. Qf2 a4 51. Kg2 Qd3 52. h4
Qxe4+ 53. Kh2 Be3 54. Qxf6 Bd4 55. Qg5+ Kh7 56. Qh5+ Kg7 57. Rxd6 Bf6 58. Qd5
Qe2+ 59. Kh3 a3 60. Qf5 Qb2 61. h5 a2 62. h6+ Kh8 63. Rxf6 a1=Q 64. Qc8+ Kh7
65. Rxf7+ Kxh6 66. Qe6+ 1-0

[Event "SC Kreuzberg IM-Turnier 2018"]
[Site "Berlin"]
[Date "2018.08.12"]
[Round "7.4"]
[White "Muse, Drazen"]
[Black "Glantz, Robert"]
[Result "1/2-1/2"]
[WhiteElo "2361"]
[BlackElo "2336"]
[PlyCount "142"]
[EventDate "2018.08.06"]
[EventType "tourn"]
[EventRounds "9"]
[EventCountry "GER"]
[SourceTitle "SC Kreuzberg IM 2018"]
[Source "Andreas Lange"]
[SourceDate "2018.08.16"]
[SourceVersion "1"]
[SourceVersionDate "2018.08.16"]
[SourceQuality "1"]

1. Nf3 Nf6 2. c4 g6 3. Nc3 Bg7 4. d4 O-O 5. Bg5 d6 6. e3 c5 7. Be2 cxd4 8. exd4
Bf5 9. O-O Ne4 10. Nxe4 Bxe4 11. Qd2 Nc6 12. d5 Bxf3 13. Bxf3 Ne5 14. Be2 a5
15. Rac1 Nd7 16. Rfe1 Nc5 17. Bf3 Re8 18. b3 Bf6 19. Be3 Qd7 20. Be2 Qf5 21. h3
h5 22. g4 hxg4 23. Bxg4 Qd3 24. Red1 Qxd2 25. Rxd2 Kg7 26. Bf3 Be5 27. Bg2 Rab8
28. f4 Bf6 29. Bf1 Rh8 30. Rb1 Rh5 31. a3 Ra8 32. Kh2 Rhh8 33. Rc2 Rhc8 34. b4
axb4 35. axb4 Nd7 36. c5 Ra3 37. Bc1 Rc3 38. Rxc3 Bxc3 39. Rb3 Bd4 40. Bb5 Nb8
41. c6 bxc6 42. dxc6 Nxc6 43. Bd2 Bb6 44. Rc3 Na7 45. Bd7 Rxc3 46. Bxc3+ f6 47.
b5 Kf7 48. Bb4 d5 49. Kg3 e5 50. Bd6 e4 51. f5 gxf5 52. Kf4 e3 53. Bb4 d4 54.
Bxf5 Nxb5 55. Bd3 Na7 56. Bc4+ Kg6 57. Bd3+ Kg7 58. Bd6 Nc8 59. Ba3 Na7 60. Bd6
Nc6 61. Ke4 Kf7 62. Bb5 Na7 63. Bc4+ Kg6 64. Bd3 Kg5 65. Be7 Nc6 66. h4+ Kxh4
67. Bxf6+ Kg3 68. Bb5 Na7 69. Bd3 Nc6 70. Bb5 Na7 71. Bd3 Nc6 1/2-1/2

[Event "SC Kreuzberg IM-Turnier 2018"]
[Site "Berlin"]
[Date "2018.08.12"]
[Round "7.5"]
[White "Moritz, Aron"]
[Black "Kalinitschew, Sergey"]
[Result "1/2-1/2"]
[WhiteElo "2199"]
[BlackElo "2430"]
[PlyCount "116"]
[EventDate "2018.08.06"]
[EventType "tourn"]
[EventRounds "9"]
[EventCountry "GER"]
[SourceTitle "SC Kreuzberg IM 2018"]
[Source "Andreas Lange"]
[SourceDate "2018.08.16"]
[SourceVersion "1"]
[SourceVersionDate "2018.08.16"]
[SourceQuality "1"]

1. e4 c5 2. Nf3 Nc6 3. d4 cxd4 4. Nxd4 e5 5. Nb5 d6 6. Be3 Nf6 7. Bg5 a6 8.
Bxf6 gxf6 9. N5c3 f5 10. Qh5 Bg7 11. Bc4 O-O 12. O-O fxe4 13. Nd2 Be6 14. Bxe6
fxe6 15. Ndxe4 Rf5 16. Qh3 Nd4 17. Qd3 d5 18. Ng3 e4 19. Qd2 Rf7 20. Nd1 Qh4
21. c4 Rd8 22. Ne3 Nc6 23. cxd5 exd5 24. Nef5 Qf6 25. Rad1 Ne5 26. Nxg7 Qxg7
27. Qa5 Nc6 28. Qc5 Qe5 29. Rd2 Ne7 30. Qb6 Rdf8 31. Qe3 h5 32. f4 Qh8 33. Ne2
h4 34. Qb3 b5 35. Nc3 e3 36. Rd3 d4 37. Ne4 Nf5 38. Ng5 Qf6 39. Rc1 Qd6 40.
Nxf7 Rxf7 41. Qd1 Qxf4 42. Qf3 Qxf3 43. gxf3 h3 44. Kf1 Kh7 45. a4 Kg6 46. axb5
axb5 47. Ke2 Rd7 48. Rc5 Kf6 49. Rxb5 Rg7 50. Rxf5+ Kxf5 51. Rxd4 Rg2+ 52. Kxe3
Rxb2 53. Rd5+ Ke6 54. Rd2 Rb8 55. Rd4 Rb2 56. Rd2 Rb8 57. Rd4 Rb2 58. Rd2 Rb8
1/2-1/2

[Event "SC Kreuzberg IM-Turnier 2018"]
[Site "Berlin"]
[Date "2018.08.13"]
[Round "8.1"]
[White "Brunello, Marina"]
[Black "Kalinitschew, Sergey"]
[Result "0-1"]
[WhiteElo "2280"]
[BlackElo "2430"]
[PlyCount "178"]
[EventDate "2018.08.06"]
[EventType "tourn"]
[EventRounds "9"]
[EventCountry "GER"]
[SourceTitle "SC Kreuzberg IM 2018"]
[Source "Andreas Lange"]
[SourceDate "2018.08.16"]
[SourceVersion "1"]
[SourceVersionDate "2018.08.16"]
[SourceQuality "1"]

1. e4 e6 2. d4 d5 3. Bd3 c5 4. exd5 exd5 5. Nf3 Nc6 6. O-O Nf6 7. c3 Bd6 8.
Re1+ Be6 9. dxc5 Bxc5 10. b4 Bb6 11. b5 Ne7 12. Nd4 Bxd4 13. cxd4 O-O 14. Nd2
Re8 15. Nf3 h6 16. Bf4 Rc8 17. Qd2 Ne4 18. Bxe4 dxe4 19. Rxe4 Bd5 20. Re3 Nf5
21. Re5 Rxe5 22. Nxe5 f6 23. Ng4 Qe8 24. Qd3 Qe6 25. h3 Be4 26. Qd1 Rc4 27. Ne3
Rxd4 28. Qb3 Qxb3 29. axb3 Nxe3 30. Bxe3 Rd5 31. Ra4 Bc2 32. Rd4 Rxb5 33. b4 a5
34. bxa5 Rxa5 35. Kh2 Ba4 36. Rd8+ Kf7 37. Rc8 Bc6 38. Rc7+ Kg6 39. Bd4 h5 40.
Be3 h4 41. Rc8 Kf5 42. Rf8 Rd5 43. Rf7 g5 44. Rf8 Rd7 45. Bb6 Bd5 46. Bd4 Rd6
47. Bc3 Rc6 48. Bd4 b5 49. Rb8 Bc4 50. Be3 Rd6 51. Bc5 Rd5 52. Bb4 Rd3 53. Rb6
Rb3 54. Bc5 Be6 55. Be7 Rb2 56. Kg1 Rb1+ 57. Kh2 Ke5 58. Ba3 f5 59. Be7 g4 60.
hxg4 fxg4 61. Bxh4 b4 62. Bg3+ Kf5 63. Rb5+ Kg6 64. Be5 b3 65. f3 gxf3 66. gxf3
Bc4 67. Rb4 Bd5 68. Kg3 Kf5 69. Bd4 Rf1 70. Bf2 Rc1 71. Bd4 Rd1 72. Kf2 Rh1 73.
Ke3 Rh3 74. Rb5 Rxf3+ 75. Kd2 Ke4 76. Bg7 Rf2+ 77. Kc1 Bc4 78. Rb4 Kd3 79. Rxc4
Kxc4 80. Kb1 Kb4 81. Be5 Ka4 82. Bd4 Re2 83. Bg7 b2 84. Ka2 Kb4 85. Bf6 Kc4 86.
Bg7 Kd3 87. Kb1 Re7 88. Bf6 Rb7 89. Bxb2 Kd2 0-1

[Event "SC Kreuzberg IM-Turnier 2018"]
[Site "Berlin"]
[Date "2018.08.13"]
[Round "8.3"]
[White "Meissner, Felix"]
[Black "Muse, Drazen"]
[Result "1-0"]
[WhiteElo "2330"]
[BlackElo "2361"]
[PlyCount "205"]
[EventDate "2018.08.06"]
[EventType "tourn"]
[EventRounds "9"]
[EventCountry "GER"]
[SourceTitle "SC Kreuzberg IM 2018"]
[Source "Andreas Lange"]
[SourceDate "2018.08.16"]
[SourceVersion "1"]
[SourceVersionDate "2018.08.16"]
[SourceQuality "1"]

1. e4 Nc6 2. d4 d5 3. exd5 Qxd5 4. Nf3 Bg4 5. Be2 e6 6. O-O Nf6 7. h3 Bh5 8. c4
Qd6 9. Be3 Be7 10. Nbd2 O-O 11. Re1 Rfd8 12. Qb3 Qb4 13. Qc2 Bg6 14. Qc1 Qd6
15. c5 Qd7 16. Bb5 Qc8 17. Bxc6 bxc6 18. Ne5 Qb7 19. Qc4 Nd7 20. Nxg6 hxg6 21.
b4 a5 22. bxa5 Rxa5 23. Reb1 Qa7 24. a4 Ra8 25. Rb4 Nf6 26. Nb3 Ra6 27. a5 Nd5
28. Rba4 Qb7 29. Bd2 Qb5 30. Nc1 Rb8 31. Nd3 Bf6 32. Qc2 Qb3 33. Ne1 Qxc2 34.
Nxc2 Rb5 35. f4 Kf8 36. Kf1 Bh4 37. Ke2 Bg3 38. Rf1 Rb2 39. Rc4 f5 40. Rf3 Bh4
41. Ra3 Be7 42. g3 Ke8 43. Nb4 Nxb4 44. Rxb4 Rxb4 45. Bxb4 g5 46. Bd2 gxf4 47.
Bxf4 Kd7 48. h4 Bf6 49. Be5 Bxe5 50. dxe5 Ke7 51. Kf3 Kf7 52. h5 g5 53. hxg6+
Kxg6 54. Kf4 Kh5 55. Ra4 Kh6 56. Ke3 Kg6 57. Kd3 Kf7 58. Kc3 Ke7 59. Kb4 Ra8
60. a6 Rb8+ 61. Kc3 Ra8 62. Ra1 Kd7 63. Kd4 Kc8 64. a7 Kd7 65. Ke3 Ke7 66. Kf4
Kf7 67. Ra6 Ke7 68. Kg5 Kf7 69. Kf4 Ke7 70. g4 fxg4 71. Kxg4 Kf7 72. Kf4 Ke7
73. Ra1 Kf7 74. Ra2 Ke7 75. Kg5 Kf7 76. Rf2+ Ke7 77. Rh2 Rxa7 78. Rh7+ Kf8 79.
Kf6 Kg8 80. Rg7+ Kf8 81. Rf7+ Kg8 82. Rg7+ Kf8 83. Rh7 Kg8 84. Rh1 Ra5 85. Rc1
Ra2 86. Kxe6 Re2 87. Rg1+ Kf8 88. Rf1+ Kg8 89. Rc1 Kf8 90. Rc3 Re1 91. Rc4 Re2
92. Rf4+ Kg8 93. Kf6 Kf8 94. Rh4 Ke8 95. Rh8+ Kd7 96. Rh7+ Kd8 97. Rh1 Kd7 98.
Rd1+ Ke8 99. Ke6 Rc2 100. Rh1 Kf8 101. Kd7 Rxc5 102. Rf1+ Kg7 103. e6 1-0